Droit administratif

Spremljeno u:
Bibliografski detalji
Glavni autor: Auby, Jean-Marie (Autor)
Format: Knjiga
Jezik:francuski
Izdano: París Sirey 1957
Serija:Travaux Pratiques
Teme:
Oznake: Dodaj oznaku
Bez oznaka, Budi prvi tko označuje ovaj zapis!

MARC

LEADER 00000nam a2200000 a 4500
001 UCS0408
003 CL-VaPUC
008 970426e19570000FR |||||||||||||||||fre|d
082 0 4 |a 342.06  |b AUB  |2 21 
100 0 |a Auby, Jean-Marie  |e author  |9 383826 
245 1 0 |a Droit administratif 
300 |a 253 p 
942 |c BK 
945 |d 19970426 00:00:00  |a cmena 
260 |a París  |b Sirey  |c 1957 
650 0 |a Derecho administrativo  |9 254851 
650 0 |a Administración pública   |9 255343 
650 0 |a Derecho constitucional   |9 222588 
650 7 |a EMPLEADOS PUBLICOS  |2 CL-VaPUC  |9 256133 
650 0 |a Jurisprudencia  |9 255952 
651 0 |a Francia  |9 255157 
583 |a last modification  |c 19970426 00:00:00  |k Rodrigo Vera 
490 0 |a Travaux Pratiques 
999 |c 258637  |d 258635 
952 |0 0  |1 0  |4 0  |6 342_060000000000000_AUB_1957  |7 0  |8 A  |9 282886  |a BIBDER  |b BIBDER  |d 2019-11-19  |i 1837052  |o 342.06 AUB 1957  |p 1837052  |r 2023-01-25  |w 2019-11-19  |y BK  |k DER